| 000 | nam a22 7a 4500 | ||
|---|---|---|---|
| 999 |
_c97817 _d97816 |
||
| 005 | 20190924100153.0 | ||
| 008 | 190202b ||||| |||| 00| 0 eng d | ||
| 020 | _a9788131788226 | ||
| 080 |
_a004:519 _bRIC |
||
| 100 |
_aRich, Elaine _921260 |
||
| 245 |
_aAutomata computability and complexity _btheory and applications |
||
| 260 |
_bPearson _aNoida _c2018 |
||
| 300 | _axx,1100p. | ||
| 653 | _aAutomata | ||
| 653 | _aComputational biology | ||
| 942 | _cOO | ||